Geographies of media and communication : a critical introduction

Αποθηκεύτηκε σε:
Λεπτομέρειες βιβλιογραφικής εγγραφής
Άλλοι συγγραφείς: Adams, Paul C.
Μορφή: Βιβλίο
Γλώσσα:English
Δημοσίευση: Chichester, U.K.; Malden, MA : Wiley-Blackwell, 2009
Σειρά:Critical introductions to geography
Θέματα:
Ετικέτες: Προσθήκη ετικέτας
Δεν υπάρχουν, Καταχωρήστε ετικέτα πρώτοι!

MARC

LEADER 00000nam a2200000 i 4500
001 1/42184
008 140214s2009 eng d
020 |a 978-1-4051-5414-7 
035 |l 10116704 
040 |a GR-MY-UA  |b gre  |e aacr 
041 0 |a eng 
082 0 |a 302.2309  |2 (22) 
245 1 0 |a Geographies of media and communication :  |b a critical introduction /  |c Paul C. Adams 
260 |a Chichester, U.K.; Malden, MA :   |b Wiley-Blackwell,   |c 2009 
300 |a xvi, 262 σ.;  |c 25 εκ. 
490 1 |a Critical introductions to geography 
504 |a Περιλαμβάνει βιβλιογραφία (σ. [222]-253) και ευρετήριο 
505 0 |a Introduction -- From the spoken word to the alphabet -- From the printing press to the electromagnetic signal -- Communication flows and flowmations -- Topologies of communication -- Inclusion/exclusion -- Virtuality and scattered gatherings -- Signs, symbols, and signals -- The place image -- Internalization/externalization -- Place and the power of communication -- Traces and routines -- Geographies of expressive being-in-place -- Final thoughts. 
650 0 0 |a Communication and geography. 
650 0 0 |a Communication and technology. 
650 0 0 |a Mass media and technology. 
650 0 0 |a Semiotics. 
700 1 |a Adams, Paul C. 
830 0 |a Critical introductions to geography 
852 |a INST  |b LESVOS  |e 20140214  |h 302.2309 ADA  |p 005100053573  |q 005100053573  |t BK  |y 0 
901 |a BIBL1-2014-1 
909 |a Λ  |b 179373 
922 |a 1ΕΛΗ  |b 201306  |c ΤΜΗΜΑ ΓΕΩΓΡΑΦΙΑΣ  |d ΙΩΑΝΝΙΔΟΥ 
970 |a ΤΖΑΦΕΡΗ  |b ΕΥΑΓΓΕΛΙΑ  |z 2014/02/14